| 000 | 00826nam a2200253 i 4500 | ||
|---|---|---|---|
| 001 | 115592 | ||
| 003 | ES-MaACL | ||
| 005 | 20250828063251.0 | ||
| 007 | t| | ||
| 008 | 070320m19221926sp ||||1| spa d | ||
| 080 | _a340.12(02)"15" | ||
| 080 | _a340.114(02)"15" | ||
| 100 | 1 |
_aSoto, Domingo de, _d1495-1560 _9107479 |
|
| 245 | 1 | 0 |
_aTratado de la justicia y el derecho / _cpor fray Domingo Soto ; vertido al castellano por Jaime Torrubiano Ripoll. |
| 260 |
_aMadrid : _bReus, _c1922-1926. |
||
| 300 |
_a2 v. ; _c18 cm. |
||
| 490 | 1 |
_aClásicos jurídicos ; _v16, 17 |
|
| 650 | 4 |
_aDerecho- _xFilosofía _911620 |
|
| 650 | 1 | 4 |
_aJusticia. _914032 |
| 700 | 1 |
_aTorrubiano Ripoll, Jaime. _9111063 |
|
| 830 | 0 |
_aClásicos jurídicos ; _v16, 17 _9186349 |
|
| 852 |
_aES-MaACL _jC-5070-71 |
||
| 999 |
_c115592 _d115592 |
||